| 000 | 00814nam a2200289 a 4500 | ||
|---|---|---|---|
| 003 | AR-BaBNM | ||
| 005 | 20251128204853.0 | ||
| 008 | 082120s2002 ||||||||||||||000 | spa|| | ||
| 020 | _a950-25-1011-9 | ||
| 040 | _cAR-BaBNM | ||
| 100 | 0 | _aBonnassiolle | |
| 245 | 0 | 0 |
_aAtlas nacional y provincial de la República Argentina _bfísico y político |
| 260 |
_aBuenos Aires _bCentro Editor de América Latina _c1991 |
||
| 300 |
_a100 p. _bmapas, tablas |
||
| 650 | 4 | _aATLAS | |
| 650 | 4 | _aGEOGRAFIA FISICA | |
| 650 | 4 | _aGEOGRAFIA POLITICA | |
| 650 | 4 | _aGEOGRAFIA REGIONAL | |
| 651 | 4 | _aArgentina | |
| 653 | _aGEOGRAFIA ARGENTINA | ||
| 655 | _aREFERENCIA | ||
| 700 | 1 |
_aChiozza, Elena M. _edirector |
|
| 700 | 1 |
_aFigueira, Ricardo _edirector |
|
| 700 | 1 | _aGómez, Rolando | |
| 942 | _cBK | ||
| 998 | _cGrace | ||
| 999 |
_c9126 _d9126 |
||